Philippine folk literature : (Record no. 6732)
[ view plain ]
| 000 -LEADER | |
|---|---|
| fixed length control field | 00561nam a22002057a 4500 |
| 003 - CONTROL NUMBER IDENTIFIER | |
| control field | OSt |
| 005 - DATE AND TIME OF LATEST TRANSACTION | |
| control field | 20140310181915.0 |
| 008 - FIXED-LENGTH DATA ELEMENTS--GENERAL INFORMATION | |
| fixed length control field | 130716t xxu||||| |||| 00| 0 eng d |
| 020 ## - INTERNATIONAL STANDARD BOOK NUMBER | |
| International Standard Book Number | 971542290x |
| 050 ## - LIBRARY OF CONGRESS CALL NUMBER | |
| Classification number | PN 6377 |
| Item number | .Eu87 2005 |
| 082 ## - DEWEY DECIMAL CLASSIFICATION NUMBER | |
| Classification number | TR 398.6 |
| Item number | Eu4 2005 |
| 100 ## - MAIN ENTRY--PERSONAL NAME | |
| Personal name | Eugenio, Damiana |
| 9 (RLIN) | 800 |
| 245 ## - TITLE STATEMENT | |
| Title | Philippine folk literature : |
| Remainder of title | the riddles / |
| Statement of responsibility, etc | Eugenio, Damiana L. |
| 260 ## - PUBLICATION, DISTRIBUTION, ETC. (IMPRINT) | |
| Place of publication, distribution, etc | Quezon City, Philippines : |
| Name of publisher, distributor, etc | UP Press |
| Date of publication, distribution, etc | c2005. |
| 300 ## - PHYSICAL DESCRIPTION | |
| Extent | 1170 p. |
| Dimensions | 23 cm. |
| 521 ## - TARGET AUDIENCE NOTE | |
| Target audience note | |
| 541 ## - IMMEDIATE SOURCE OF ACQUISITION NOTE | |
| -- | 1 |
| 562 ## - COPY AND VERSION IDENTIFICATION NOTE | |
| Number of copies | 1 |
| 942 ## - ADDED ENTRY ELEMENTS (KOHA) | |
| Source of classification or shelving scheme | Library of Congress Classification |
| Koha item type | |
| Call number prefix | |
| Withdrawn status | Lost status | Source of classification or shelving scheme | Damaged status | Home library | Current library | Shelving location | Date acquired | Total Checkouts | Total Renewals | Full call number | Barcode | Date last seen | Date checked out | Copy number | Price effective from | Koha item type |
|---|---|---|---|---|---|---|---|---|---|---|---|---|---|---|---|---|
| Library of Congress Classification | Luxembourg Library | Luxembourg Library | Teachers Reference Section | 07/16/2013 | 2 | 9 | PN 6377 .Eu87 2005 vol.5 | 18383 | 08/23/2017 | 08/23/2017 | 1 | 07/16/2013 | Books |